Melancholie der Vorstadt : Tango /
Uloženo v:
| Hlavní autor: | |
|---|---|
| Další autoři: | , |
| Médium: | Kniha |
| Jazyk: | German |
| Vydáno: |
Berlín, Alemania :
Künstlerhaus Bethanien,
1982, c1982
|
| Témata: | |
| Tagy: |
Žádné tagy, Buďte první, kdo vytvoří štítek k tomuto záznamu!
|
MARC
| LEADER | 00000nam^a2200000^a^4500 | ||
|---|---|---|---|
| 001 | 000185845 | ||
| 005 | 20250521000000.0 | ||
| 009 | 20260310102205.609 | ||
| 037 | |a Acervo ITESO - Biblioteca | ||
| 041 | |a ALE | ||
| 082 | |a 786. 1709823 |b CAS | ||
| 100 | |a Castaldi, Juan Carlos |e (idea original) | ||
| 245 | 1 | 0 | |a Melancholie der Vorstadt : |b Tango / |c Idea original de J.C. Castaldi, M. Haerdter, D. Zelaya. |
| 264 | 4 | |a Berlín, Alemania : |b Künstlerhaus Bethanien, |c 1982, c1982 | |
| 300 | |a 263 p. | ||
| 336 | |a texto |b txt |2 rdacontenido | ||
| 337 | |a sin mediación |b n |2 rdamedio | ||
| 338 | |a volumen |b nc |2 rdasoporte | ||
| 649 | |a XX | ||
| 650 | |a Tango - |x Tema Principal | ||
| 650 | |a Tango - |z Argentina - |x Historia y Crítica | ||
| 650 | |a Tango - |x Historia y Crítica | ||
| 650 | |a Música Folklórica - |z Argentina - |x Historia y Crítica | ||
| 650 | |a Música Folklórica - |x Historia y Crítica | ||
| 650 | |a Música Popular - |z Argentina - |x Historia y Crítica | ||
| 650 | |a Música Popular - |x Historia y Crítica | ||
| 650 | |a Música Argentina - |x Historia y Crítica | ||
| 650 | |a Danza Folklórica - |z Argentina - |x Historia y Crítica | ||
| 650 | |a Danza Folklórica - |x Historia y Crítica | ||
| 650 | |a Danza Popular - |z Argentina - |x Historia y Crítica | ||
| 650 | |a Danza Popular - |x Historia y Crítica | ||
| 650 | |a Danza Argentina - |x Historia y Crítica | ||
| 650 | |a Folklore - |z Argentina | ||
| 650 | |a Prácticas Culturales - |z Argentina | ||
| 650 | |a Cultura Popular - |z Argentina | ||
| 700 | |a Haerdter, Michael |e (idea original) | ||
| 700 | |a Zelaya, Daniel |e (idea original) | ||
| 910 | |a Fondo General | ||
| 920 | |a Impresos - Libros | ||
| 930 | |a Colección General | ||
| 905 | |a 101 | ||
| 901 | |a 0500126997 |b IT1 |c ACC |u 20250521 | ||
| 902 | |a https://opac.biblio.iteso.mx/vufind/Record/000185845 | ||